000 00732nam a22002177a 4500
005 20251001154543.0
010 _aENG-146935-936
020 _a9789349015647(Set of 2 Vols)
_c8295.00
035 _aEN-130467-468
037 _bDBAD
_aDPL
082 _a347.54052
_217
100 _aMitra, U N
_985349
245 _aLaw of Limitation and Prescription/
_cU N Mitra
250 _a17
260 _aGurgaon
_bLexis Nexis
_c2025
270 _a14th floor building no 10, tower-B, DLF cyber city, phase-II
_bGurgaon
_e122002
300 _adclxxx, 3338p.
_c25cm(hb)
490 _vVol 1, Vol 2
500 _aSection 1-32 & Articles 1-52 163 (Vol 1) Articles 53 - 137 (Vol 2)
942 _2ddc
_cEN
_h347.54052
_mMIT
_e17
999 _c213560
_d213560